000 00380nam a2200169Ia 4500
100 _aCarr/Joseph/ Brown/J.M
650 _aBiomedical instrumentation
250 _a4
942 _cBK
366 _f25
245 _aIntroduction to Biomedical equipment technology
260 _bPearson Education
_c2001
082 _bCAR
300 _a759
546 _aENGLISH
999 _c28363
_d28363